|
|
|
|
| LEADER |
00000ny a22000003n 4500 |
| 005 |
20110617120824.0 |
| 006 |
m u |
| 007 |
cr cn||||||||| |
| 008 |
081002s2004 sp 000 0 spa d |
| 020 |
|
|
|a 9788476987087
|
| 035 |
|
|
|a 358
|
| 040 |
|
|
|a FlNmELB
|c FlNmELB
|d vlex
|
| 080 |
|
|
|a 342.738
|
| 090 |
|
|
|c 1417
|d 1417
|
| 100 |
1 |
|
|a Rubio Navarro, Antonio Mara̕
|
| 245 |
1 |
0 |
|a Aspectos prc̀ticos de la proteccin̤ de datos de las personas fs̕icas
|h [Recurso electrn̤ico]
|c Antonio Mara̕ Rubio Navarro
|
| 256 |
|
|
|a Servicio en ln̕ea
|
| 260 |
|
|
|a Barcelona :
|b J.M. Bosch,
|c 2004
|
| 300 |
|
|
|a p. ;
|c cm
|
| 506 |
1 |
|
|a Contenido solo disponible en los productos indicados
|d vLex Global
|d vLex Global (Academic Edition, excluding Law Schools)
|d vLex Global (U.S. Academic Edition, Law Schools)
|d vLex Global (U.S. Academic Edition, excluding Law Schools)
|d vLex Global (Academic Edition, Law Schools)
|
| 650 |
0 |
7 |
|a Proteccin̤ de la informacin̤ (Informt̀ica)
|2 Tesauro vLex
|
| 650 |
0 |
7 |
|a Civil
|2 Tesauro vLex
|
| 650 |
0 |
7 |
|a Datos personales
|2 Tesauro vLex
|
| 650 |
0 |
7 |
|a Persona fs̕ica
|2 Tesauro vLex
|
| 650 |
0 |
7 |
|a Proteccin̤ de datos personales
|2 Tesauro vLex
|
| 740 |
0 |
|
|a vLex Libros (Servicios en ln̕ea)
|
| 856 |
4 |
0 |
|u http://vlex.com/source/358
|z Acceso restringido
|
| 942 |
|
|
|c BOOK
|